• 首页
  • 本馆介绍
  • 公告通知
  • 最新文献
  • 馆藏检索
  • 电子资源
  • 读者导购
  • 参考咨询
  • 我的图书馆
  • 登录
  • 详细信息显示
  • 放入我的书架
  • 预约/预借图书
  • 作者相关作品
  • 分类相关作品
  • 丛书相关作品
  • 出版社相关作品

书目信息

  • 表格格式
  • 工作单格式
  • 卡片格式
书名: Applications of functional analysis and operator theory
作者: V. Hutson and J. S. Pym.
分册号:
分册名:
出版地: London ;
 
出版社: Academic Press
出版时间: 1980.
页数: xi, 389 p. :
开本: 24 cm.
丛书名:
中图分类号:
科图分类号:
其他分类号: O177:H31
主题词:
电子资源:
000 01086cam a2200325 i 450
001 E0732755872
005 20070303090856.71
008 791116s1980 enk b 001 0 eng
010    @a79050300
015    @aGB79
020    @a0123632609.
035    @A(DLC) 79050300
040    @aDLC@cDLC@dDLC
050 00 @aQA320@b.H87
082 00 @a515/.7
090    @aO177:H31
099    @dO177:H31@ex20
100 1  @aHutson, V.
245 10 @aApplications of functional analysis and operator theory / @cV. Hutson and J. S. Pym.
260    @aLondon ;@aNew York :@bAcademic Press,@c1980.
300    @axi, 389 p. :@bgraphs ;@c24 cm.
490 1  @aMathematics in science and engineering ;@vno. 146
500    @aIncludes index.
504    @aBibliography: p. 371-375.
650  0 @aFunctional analysis.
650  0 @aOperator theory.
700 1  @aPym, J. S.@q(John Sydney),@d1938-@ejoint author.
830  0 @aMathematics in science and engineering ;@vv. 146.
906    @a7@bcbc@corignew@d1@eocip@f19@gy-gencatlg
991    @bc-GenColl@hQA320@i.H87@p00035276324@tCopy 1@v146@wBOOKS
    
    Applications of functional analysis and operator theory / / V. Hutson and J. S. Pym.-London ; ; New York : : Academic Press, , 1980.
    xi, 389 p. : : graphs ; ; 24 cm.- (Mathematics in science and engineering ; no. 146 )
    Includes index.-Bibliography: p. 371-375.
    
    ISBN 0123632609.
    
●
相关链接 在E读中查询图书 在五车中查询图书 在当当中查询图书 在豆瓣中查询图书


正题名:Applications of functional analysis and operator theory     索取号:O177:H31/x20         预约/预借

序号 登录号 条形码 馆藏地/架位号 状态 备注
1 136956   202458429   第四借阅区/ [索取号:O177:H31/x20] 在馆    
2 136957   202460443   第四借阅区/ [索取号:O177:H31/x20] 在馆    
唐山师范学院图书馆 欢迎您!
大连网信软件有限公司© 版权所有